| 000 | 00790cam a2200253 a 4500 | ||
|---|---|---|---|
| 008 | |||
| 020 | _a0071361928 (hbk.) | ||
| 049 | _aMAIN | ||
| 090 |
_aTS184 _bSTA |
||
| 245 | 0 | 0 |
_aStandard handbook of plant engineering / _cRobert C. Rosaler, editor-in-chief. |
| 250 | _a3rd ed. | ||
| 260 |
_aNew York : _bMcGraw-Hill, _cc2002. |
||
| 300 |
_a1 v. (various pagings) : _bill. ; _c25 cm. |
||
| 440 | 0 | _aMcGraw-Hill standard handbooks | |
| 500 | _aIncludes index. | ||
| 504 | _aIncludes bibliographical references. | ||
| 650 | 0 |
_aPlant engineering _vHandbooks, manuals, etc. |
|
| 700 | 1 | _aRosaler, Robert C. | |
| 907 |
_a.b10339115 _b30-01-14 _c22-01-14 |
||
| 003 | |||
| 005 | 20230123122045.0 | ||
| 040 | _cNUST | ||
| 942 |
_cBOOKS _kTS184 _mSTA |
||
| 999 |
_c127076 _d127076 |
||